Kumaravyasana Kannada Bharata. (Record no. 115242)
[ view plain ]
| 000 -LEADER | |
|---|---|
| fixed length control field | 00682nam a2200205Ia 4500 |
| 003 - CONTROL NUMBER IDENTIFIER | |
| control field | OSt |
| 005 - DATE AND TIME OF LATEST TRANSACTION | |
| control field | 20250307150353.0 |
| 008 - FIXED-LENGTH DATA ELEMENTS--GENERAL INFORMATION | |
| fixed length control field | 210210b2004 xxu||||| |||| 00| 0 eng d |
| 040 ## - CATALOGING SOURCE | |
| Transcribing agency | AL |
| 041 ## - LANGUAGE CODE | |
| Language code of text/sound track or separate title | Kannada |
| 082 ## - DEWEY DECIMAL CLASSIFICATION NUMBER | |
| Classification number | K894.109 SHAK |
| 100 ## - MAIN ENTRY--PERSONAL NAME | |
| Personal name | SHYAMASUNDARA BIDARAKUNDI. |
| Dates associated with a name | ಶ್ಯಾಮಸುಂದರ ಬಿದರಕುಂದಿ |
| 9 (RLIN) | 204876 |
| 245 ## - TITLE STATEMENT | |
| Title | Kumaravyasana Kannada Bharata. |
| Remainder of title | ಕುಮಾರವ್ಯಾಸನ ಕನ್ನಡ ಭಾರತ |
| 260 ## - PUBLICATION, DISTRIBUTION, ETC. | |
| Place of publication, distribution, etc. | Bengaluru |
| Name of publisher, distributor, etc. | Karnataka Sahitya Akademi |
| Date of publication, distribution, etc. | 2004 |
| 300 ## - PHYSICAL DESCRIPTION | |
| Extent | xxiv,366 |
| 650 ## - SUBJECT ADDED ENTRY--TOPICAL TERM | |
| Topical term or geographic name entry element | Kumaravyasa Kannada bharata |
| 9 (RLIN) | 204877 |
| 690 ## - LOCAL SUBJECT ADDED ENTRY--TOPICAL TERM (OCLC, RLIN) | |
| Topical term or geographic name as entry element | Kannada Poetry Criticism |
| 9 (RLIN) | 204878 |
| 906 ## - LOCAL DATA ELEMENT F, LDF (RLIN) | |
| a | SG04507 |
| 942 ## - ADDED ENTRY ELEMENTS (KOHA) | |
| Source of classification or shelving scheme | Dewey Decimal Classification |
| Koha item type | Special Grants |
| Withdrawn status | Lost status | Source of classification or shelving scheme | Damaged status | Not for loan | Collection code | Home library | Current library | Date acquired | Cost, normal purchase price | Total Checkouts | Full call number | Barcode | Date last seen | Price effective from | Koha item type |
|---|---|---|---|---|---|---|---|---|---|---|---|---|---|---|---|
| Dewey Decimal Classification | Kannada | St Aloysius Library | St Aloysius Library | 02/17/2021 | 125.00 | K894.109 SHAK | SG04507 | 02/17/2021 | 02/17/2021 | Special Grants |